[Event "CZE-ch Open 2018"]
[Site "Ostrava"]
[Date "2018.05.05"]
[Round "8"]
[White "Kolar, Stanislav"]
[Black "Vystrcil, Martin"]
[Result "0-1"]
[WhiteElo "2091"]
[BlackElo "2146"]
[Annotator "ChessBase"]
[PlyCount "100"]
[EventDate "2018.??.??"]
[EventCountry "CZE"]
[SourceTitle "playchess.com"]
[Source "ChessBase"]
[SourceQuality "1"]
[TimeControl "40/5400+30:900+30"]

1. Nf3 {[%emt 0:00:00]} Nf6 {[%emt 0:00:13]} 2. c4 {[%emt 0:00:00]} g6 {[%emt 0:00:07]} 3. Nc3 {[%emt 0:00:00]} Bg7 {[%emt 0:00:05]} 4. d4 {[%emt 0:00:08]} d6 {[%emt 0:00:08]} 5. e4 {[%emt 0:00:07]} O-O {[%emt 0:00:10]} 6. Be2 {[%emt 0:00:08]} Nbd7 {[%emt 0:01:47]} 7. O-O {[%emt 0:00:27]} e5 {[%emt 0:00:07]} 8. dxe5 {[%emt 0:00:08]} dxe5 {[%emt 0:00:12]} 9. Qc2 {[%emt 0:01:09]} c6 {[%emt 0:00:59]} 10. Be3 {[%emt 0:01:06]} Re8 {[%emt 0:02:27]} 11. h3 {[%emt 0:01:17]} Qc7 {[%emt 0:02:28]} 12. Rfd1 {[%emt 0:01:51]} Bf8 {[%emt 0:03:10]} 13. Rd2 {[%emt 0:01:49]} Bc5 {[%emt 0:07:26]} 14. Bxc5 {[%emt 0:00:59]} Nxc5 15. Rad1 {[%emt 0:02:02]} a5 {[%emt 0:03:16]} 16. b3 {[%emt 0:00:50]} Nh5 {[%emt 0:05:14]} 17. a3 {[%emt 0:09:18]} Nf4 {[%emt 0:09:34]} 18. Bf1 {[%emt 0:00:11]} a4 {[%emt 0:09:30]} 19. bxa4 {[%emt 0:04:19]} Qa5 {[%emt 0:03:25]} 20. g3 {[%emt 0:02:54]} Nh5 {[%emt 0:07:06]} 21. Kg2 {[%emt 0:01:38]} f6 {[%emt 0:02:08]} 22. Rd6 {[%emt 0:01:38]} Rf8 {[%emt 0:05:39]} 23. Qc1 {[%emt 0:03:05]} Ng7 {[%emt 0:01:01]} 24. Qe3 {[%emt 0:01:33]} Nge6 {[%emt 0:03:18]} 25. h4 {[%emt 0:02:44]} Qc7 {[%emt 0:11:05]} 26. R6d2 {[%emt 0:03:09]} Nxa4 {[%emt 0:06:45]} 27. Nxa4 {[%emt 0:08:35]} Rxa4 {[%emt 0:00:01]} 28. Rc1 {[%emt 0:02:25]} Qa5 {[%emt 0:00:44]} 29. Rc3 {[%emt 0:00:38]} Nc5 {[%emt 0:00:47]} 30. Rdc2 {[%emt 0:00:47]} Be6 {[%emt 0:00:44]} 31. Nd2 {[%emt 0:01:43]} Ra8 {[%emt 0:01:14]} 32. f4 {[%emt 0:03:00]} Rxa3 {[%emt 0:01:50]} 33. fxe5 {[%emt 0:10:05]} Rxc3 {[%emt 0:04:10]} 34. Rxc3 {[%emt 0:00:24]} fxe5 {[%emt 0:00:10]} 35. Rc2 {[%emt 0:05:36]} Qa4 {[%emt 0:03:56]} 36. Qc3 {[%emt 0:03:43]} Bg4 {[%emt 0:01:33]} 37. Rb2 {[%emt 0:03:23]} Re8 {[%emt 0:02:15]} 38. Qe3 {[%emt 0:01:52]} Qa1 {[%emt 0:01:46]} 39. Rc2 {[%emt 0:09:55]} Qd4 {[%emt 0:01:45]} 40. Rc3 {[%emt 0:01:34]} Rd8 {[%emt 0:15:58]} 41. Nf3 {[%emt 0:21:28]} Bxf3+ {[%emt 0:00:00]} 42. Qxf3 {[%emt 0:00:00]} Rf8 {[%emt 0:00:00]} 43. Qe3 {[%emt 0:00:00]} Nxe4 {[%emt 0:00:00]} 44. Rd3 {[%emt 0:00:00]} Qb2+ {[%emt 0:00:00]} 45. Kg1 {[%emt 0:00:00]} Qa1 {[%emt 0:00:00]} 46. Qe2 {[%emt 0:00:00]} Nc3 {[%emt 0:00:47]} 47. Qg2 {[%emt 0:00:00]} e4 {[%emt 0:01:00]} 48. Rd7 {[%emt 0:00:00]} e3 {[%emt 0:01:05]} 49. Qh3 {[%emt 0:00:00]} Ne2+ {[%emt 0:01:08]} 50. Kh2 {[%emt 0:00:00]} Rf2+ {[%emt 0:00:20]} 0-1

[Event "CZE-ch Open 2018"]
[Site "Ostrava"]
[Date "2018.05.05"]
[Round "8"]
[White "Kopriva, Martin"]
[Black "Kana, Pavel"]
[Result "1/2-1/2"]
[WhiteElo "2071"]
[BlackElo "2024"]
[Annotator "NA"]
[PlyCount "42"]
[EventDate "2018.??.??"]
[EventCountry "CZE"]
[SourceTitle "playchess.com"]
[Source "ChessBase"]
[SourceQuality "1"]
[TimeControl "40/5400+30:900+30"]

1. d4 {[%emt 0:00:00]} d5 {[%emt 0:00:19]} 2. Bf4 {[%emt 0:00:00]} Nf6 {[%emt 0:00:13]} 3. Nf3 {[%emt 0:00:00]} c5 {[%emt 0:00:59]} 4. e3 {[%emt 0:01:00]} Nc6 {[%emt 0:00:27]} 5. Be2 {[%emt 0:00:59]} Qb6 {[%emt 0:02:33]} 6. Nc3 {[%emt 0:02:33]} a6 {[%emt 0:06:51]} 7. dxc5 {[%emt 0:03:22]} Qxc5 {[%emt 0:03:42]} 8. O-O {[%emt 0:02:20]} e6 {[%emt 0:04:42]} 9. Nd4 {[%emt 0:05:39]} Be7 {[%emt 0:04:27]} 10. Nb3 {[%emt 0:01:35]} Qb6 {[%emt 0:10:13]} 11. a4 {[%emt 0:02:52]} Na5 {[%emt 0:07:00]} 12. Nxa5 {[%emt 0:06:19]} Qxa5 {[%emt 0:00:06]} 13. Bd3 {[%emt 0:01:03]} Bd7 {[%emt 0:04:24]} 14. h3 {[%emt 0:02:56]} Bc6 {[%emt 0:01:49]} 15. Ne2 {[%emt 0:01:34]} Rc8 {[%emt 0:06:45]} 16. c3 {[%emt 0:00:56]} O-O {[%emt 0:00:55]} 17. Nd4 {[%emt 0:02:08]} Qd8 {[%emt 0:08:08]} 18. b4 {[%emt 0:10:00]} Be8 {[%emt 0:10:16]} 19. Qb3 {[%emt 0:01:50]} Bd6 {[%emt 0:03:57]} 20. Bxd6 {[%emt 0:01:28]} Qxd6 {[%emt 0:00:02]} 21. Rfc1 {[%emt 0:01:35]} Bd7 {[%emt 0:01:48]} 1/2-1/2

[Event "CZE-ch Open 2018"]
[Site "Ostrava"]
[Date "2018.05.05"]
[Round "8"]
[White "Malinovsky, Petr"]
[Black "Freisler, Pavel"]
[Result "0-1"]
[WhiteElo "2006"]
[BlackElo "2266"]
[Annotator "ChessBase"]
[PlyCount "122"]
[EventDate "2018.??.??"]
[EventCountry "CZE"]
[SourceTitle "playchess.com"]
[Source "ChessBase"]
[SourceQuality "1"]
[TimeControl "40/5400+30:900+30"]

1. d4 {[%emt 0:00:00]} Nf6 {[%emt 0:00:07]} 2. c4 {[%emt 0:00:00]} e6 {[%emt 0:00:24]} 3. Nc3 {[%emt 0:00:00]} Bb4 {[%emt 0:00:40]} 4. e3 {[%emt 0:00:05]} O-O {[%emt 0:00:08]} 5. Bd3 {[%emt 0:00:21]} c5 {[%emt 0:00:53]} 6. Nge2 {[%emt 0:01:29]} d5 {[%emt 0:00:25]} 7. O-O {[%emt 0:00:39]} cxd4 {[%emt 0:01:09]} 8. exd4 {[%emt 0:00:29]} dxc4 {[%emt 0:00:11]} 9. Bxc4 {[%emt 0:00:20]} Nc6 {[%emt 0:00:06]} 10. Bg5 {[%emt 0:00:42]} Be7 {[%emt 0:00:26]} 11. a3 {[%emt 0:01:12]} a6 {[%emt 0:06:34]} 12. Ba2 {[%emt 0:10:20]} b5 {[%emt 0:06:26]} 13. b4 {[%emt 0:02:58]} Bb7 {[%emt 0:00:45]} 14. Rc1 {[%emt 0:01:33]} a5 {[%emt 0:11:09]} 15. Nxb5 {[%emt 0:04:14]} axb4 {[%emt 0:00:10]} 16. a4 {[%emt 0:02:42]} Nd5 {[%emt 0:09:49]} 17. Bxe7 {[%emt 0:03:17]} Ncxe7 {[%emt 0:00:45]} 18. Bb3 {[%emt 0:02:12]} Qb6 {[%emt 0:03:31]} 19. Qd2 {[%emt 0:04:10]} Rfc8 {[%emt 0:00:52]} 20. Nf4 {[%emt 0:01:40]} Nxf4 {[%emt 0:11:29]} 21. Qxf4 {[%emt 0:00:36]} Bd5 {[%emt 0:03:47]} 22. Qe3 {[%emt 0:20:23]} g6 {[%emt 0:15:17]} 23. h3 {[%emt 0:02:42]} Bxb3 {[%emt 0:04:19]} 24. Qxb3 {[%emt 0:00:02]} Nd5 {[%emt 0:00:03]} 25. Rc2 {[%emt 0:05:39]} Qa6 {[%emt 0:02:57]} 26. Ra1 {[%emt 0:01:02]} Rxc2 {[%emt 0:00:05]} 27. Qxc2 {[%emt 0:00:18]} Rc8 {[%emt 0:00:01]} 28. Qb2 {[%emt 0:07:49]} h5 {[%emt 0:00:42]} 29. Qb3 {[%emt 0:05:57]} Rc6 {[%emt 0:04:49]} 30. Qg3 {[%emt 0:01:32]} Qb6 {[%emt 0:02:50]} 31. Qb3 {[%emt 0:01:40]} Kg7 {[%emt 0:00:13]} 32. Qb2 {[%emt 0:01:19]} Rc4 {[%emt 0:00:27]} 33. Qb3 {[%emt 0:01:35]} Qc6 {[%emt 0:01:51]} 34. Qg3 {[%emt 0:00:32]} Rc2 {[%emt 0:01:04]} 35. Nd6 {[%emt 0:04:38]} Qc3 {[%emt 0:03:46]} 36. Qxc3 {[%emt 0:02:06]} Nxc3 {[%emt 0:00:28]} 37. Nb5 {[%emt 0:02:18]} Ne2+ {[%emt 0:04:39]} 38. Kf1 {[%emt 0:01:21]} b3 {[%emt 0:00:45]} 39. Rb1 {[%emt 0:01:33]} b2 {[%emt 0:00:11]} 40. Na3 {[%emt 0:00:17]} Nc3 {[%emt 0:15:53]} 41. Nxc2 {[%emt 0:16:18]} Nxb1 {[%emt 0:00:05]} 42. Ke1 {[%emt 0:00:38]} Nc3 {[%emt 0:00:15]} 43. Na3 {[%emt 0:00:11]} Nxa4 {[%emt 0:00:00]} 44. Kd2 {[%emt 0:00:00]} Kf6 {[%emt 0:00:00]} 45. Kc2 {[%emt 0:00:00]} Kf5 {[%emt 0:00:00]} 46. Kb3 {[%emt 0:00:00]} Nb6 {[%emt 0:00:00]} 47. Kxb2 {[%emt 0:00:00]} Ke4 {[%emt 0:00:00]} 48. Kc2 {[%emt 0:00:00]} Kxd4 {[%emt 0:00:00]} 49. Nb5+ {[%emt 0:00:00]} Ke5 {[%emt 0:00:00]} 50. Kd3 {[%emt 0:00:00]} Nd5 {[%emt 0:00:00]} 51. g3 {[%emt 0:00:00]} h4 {[%emt 0:00:00]} 52. Nd4 {[%emt 0:00:00]} hxg3 {[%emt 0:00:00]} 53. fxg3 {[%emt 0:00:00]} f5 {[%emt 0:00:00]} 54. Nf3+ {[%emt 0:00:00]} Kf6 {[%emt 0:00:00]} 55. Kd4 {[%emt 0:00:00]} Nb4 {[%emt 0:00:00]} 56. Ke3 {[%emt 0:00:00]} e5 {[%emt 0:00:00]} 57. g4 {[%emt 0:00:00]} Nd5+ {[%emt 0:00:00]} 58. Kf2 {[%emt 0:00:00]} e4 {[%emt 0:00:00]} 59. g5+ {[%emt 0:00:00]} Ke6 {[%emt 0:00:00]} 60. Ne1 {[%emt 0:00:00]} f4 {[%emt 0:00:00]} 61. h4 {[%emt 0:00:00]} Kf5 {[%emt 0:00:00]} 0-1

[Event "CZE-ch Open 2018"]
[Site "Ostrava"]
[Date "2018.05.05"]
[Round "8"]
[White "Benes, Miroslav"]
[Black "Cerveny, Martin"]
[Result "0-1"]
[WhiteElo "2004"]
[BlackElo "2379"]
[Annotator "NA"]
[PlyCount "88"]
[EventDate "2018.??.??"]
[EventCountry "CZE"]
[SourceTitle "playchess.com"]
[Source "ChessBase"]
[SourceQuality "1"]
[TimeControl "40/5400+30:900+30"]

1. e4 {[%emt 0:00:00]} c5 {[%emt 0:00:05]} 2. Nf3 {[%emt 0:00:00]} d6 {[%emt 0:00:03]} 3. Bb5+ {[%emt 0:00:00]} Bd7 {[%emt 0:00:05]} 4. Bxd7+ {[%emt 0:00:06]} Qxd7 {[%emt 0:00:04]} 5. c4 {[%emt 0:01:06]} Nf6 {[%emt 0:00:05]} 6. Nc3 {[%emt 0:00:06]} Nc6 {[%emt 0:00:05]} 7. d4 {[%emt 0:00:18]} cxd4 {[%emt 0:00:05]} 8. Nxd4 {[%emt 0:00:05]} Qg4 {[%emt 0:00:06]} 9. O-O {[%emt 0:15:24]} Qxd1 {[%emt 0:06:49]} 10. Rxd1 {[%emt 0:01:28]} Rc8 {[%emt 0:00:11]} 11. Nde2 {[%emt 0:07:25]} Rg8 {[%emt 0:03:14]} 12. b3 {[%emt 0:04:16]} g5 {[%emt 0:00:30]} 13. Ba3 {[%emt 0:02:48]} h5 {[%emt 0:03:11]} 14. Rac1 {[%emt 0:04:19]} h4 {[%emt 0:00:58]} 15. c5 {[%emt 0:01:16]} dxc5 {[%emt 0:00:28]} 16. Bxc5 {[%emt 0:00:26]} e6 {[%emt 0:00:48]} 17. Bxf8 {[%emt 0:00:43]} Kxf8 {[%emt 0:00:21]} 18. h3 {[%emt 0:06:33]} Ke7 {[%emt 0:01:07]} 19. f3 {[%emt 0:00:55]} Nh5 {[%emt 0:00:57]} 20. Nb5 {[%emt 0:02:18]} Rgd8 {[%emt 0:01:46]} 21. Kf2 {[%emt 0:04:52]} Nf4 {[%emt 0:01:09]} 22. Nxf4 {[%emt 0:02:28]} gxf4 {[%emt 0:00:03]} 23. a3 {[%emt 0:06:32]} a6 {[%emt 0:04:58]} 24. Nd4 {[%emt 0:03:35]} Nxd4 {[%emt 0:03:46]} 25. Rxc8 {[%emt 0:00:14]} Rxc8 {[%emt 0:00:03]} 26. Rxd4 {[%emt 0:00:07]} Rc2+ {[%emt 0:00:15]} 27. Kf1 {[%emt 0:00:11]} f6 {[%emt 0:00:06]} 28. Rb4 {[%emt 0:01:27]} b5 {[%emt 0:03:31]} 29. a4 {[%emt 0:00:45]} Rc5 {[%emt 0:00:39]} 30. Rd4 {[%emt 0:03:59]} e5 {[%emt 0:00:08]} 31. Rd3 {[%emt 0:00:47]} Rc1+ {[%emt 0:00:14]} 32. Kf2 {[%emt 0:02:59]} bxa4 {[%emt 0:00:20]} 33. bxa4 {[%emt 0:00:20]} Rc2+ {[%emt 0:00:07]} 34. Kf1 {[%emt 0:00:18]} Ra2 {[%emt 0:00:05]} 35. Rb3 {[%emt 0:00:07]} Rxa4 {[%emt 0:00:19]} 36. Rb6 {[%emt 0:01:09]} Ra2 {[%emt 0:00:34]} 37. Kg1 {[%emt 0:00:13]} a5 {[%emt 0:00:04]} 38. Ra6 {[%emt 0:00:06]} a4 {[%emt 0:00:04]} 39. Kh2 {[%emt 0:01:51]} Ra1 {[%emt 0:00:26]} 40. Ra7+ {[%emt 0:01:43]} Kd6 {[%emt 0:16:24]} 41. Ra8 {[%emt 0:23:43]} Kc5 {[%emt 0:00:58]} 42. Rb8 {[%emt 0:00:39]} a3 {[%emt 0:00:08]} 43. Rb7 {[%emt 0:00:14]} Kc4 {[%emt 0:00:22]} 44. Rb8 {[%emt 0:00:05]} Rd1 {[%emt 0:00:34]} 0-1

[Event "CZE-ch Open 2018"]
[Site "Ostrava"]
[Date "2018.05.06"]
[Round "9"]
[White "Krejci, Jan"]
[Black "Malinovsky, Karel"]
[Result "1-0"]
[WhiteElo "2582"]
[BlackElo "2481"]
[Annotator "TA"]
[PlyCount "97"]
[EventDate "2018.??.??"]
[EventCountry "CZE"]
[SourceTitle "playchess.com"]
[Source "ChessBase"]
[SourceQuality "1"]

{[%evp 15,97,-24,-30,-56,-53,-48,-47,-41,-63,-66,-41,-18,-25,-44,-42,-83,0,-118,-43,-62,-66,-68,0,0,0,0,7,2,14,44,55,55,19,33,47,36,29,0,22,30,41,40,86,83,102,85,87,83,72,79,112,114,112,112,111,101,101,83,83,83,105,91,100,96,174,179,171,154,193,179,186,173,227,145,281,266,704,747,760,752,695,682,645,606]} 1. c4 e6 2. Nc3 d5 3. d4 Bb4 4. a3 Bxc3+ 5. bxc3 c6 6. e3 {D31: Queen's Gambit Declined: Semi-Slav without ...Nf6 (+ Marshall Gambit and Noteboom) and Exchange Variation lines without ...Nf6} Nf6 7. Bd3 e5 8. dxe5 dxc4 $1 {LiveBook: 6 Games} 9. exf6 $146 ({Predecessor:} 9. Bxc4 Qxd1+ 10. Kxd1 Ng4 11. Ke1 Nxe5 12. Be2 Bf5 13. f3 Nd3+ 14. Bxd3 Bxd3 {0-1 (91) Aleksandrov,A (2554)-Yu,Y (2675) Dubai 2014}) 9... cxd3 10. fxg7 Rg8 11. e4 Rxg7 12. g3 Bg4 13. f3 Be6 14. Be3 Na6 15. f4 Qa5 (15... Bg4 $17 16. Qd2 f5) 16. Bd4 (16. Nf3 $1 $11) 16... Rg8 (16... O-O-O $1 $17 {...Rxd4 is the strong threat.} 17. Bxg7 d2+ 18. Kf1 Nc5) 17. Nf3 Nc5 18. O-O Nxe4 ({Better is} 18... Bg4 $15) 19. Qxd3 $11 f5 20. Be5 Rd8 21. Qe2 Qc5+ 22. Bd4 Qc4 23. Qxc4 $1 Bxc4 24. Rfe1 Be6 25. Bxa7 Rd3 26. Re3 (26. Ng5 {is more complex.} Nxg5 27. fxg5 Kf7 28. Re3 Rgd8 29. Rae1) 26... Rxe3 27. Bxe3 Ke7 28. Ng5 Nxg5 29. fxg5 $14 {[%mdl 4096] Endgame KRB-KRB} Ra8 30. a4 Ra5 31. Bb6 Rd5 32. Rb1 Kf7 33. Be3 Bc8 34. Kf2 Re5 35. Kf3 Re4 36. a5 Ra4 37. Bb6 Ra3 38. Rc1 Ra4 39. Rd1 Rc4 (39... Be6 $16 {was worth a try.}) 40. Rd8 $1 $18 {[%cal Rd8c8]} Be6 41. Bd4 c5 {[#]} 42. Bf6 $1 Ra4 {[#]} 43. h4 $1 Ra1 (43... f4 $142 44. gxf4 Rxa5) 44. Rb8 Kg6 (44... Bd5+ $16 45. Kf4 Ke6) 45. Kf4 Rb1 $2 {[#]} (45... Bd5 46. Ke5 Rd1) 46. a6 $1 {[%mdl 512] White is clearly winning.} Rf1+ (46... bxa6 47. Rxb1) 47. Ke5 Re1+ 48. Kd6 bxa6 49. Re8 {Precision: White = 73%, Black = 42%.} 1-0

[Event "CZE-ch Open 2018"]
[Site "Ostrava"]
[Date "2018.05.06"]
[Round "9"]
[White "Stocek, Jiri"]
[Black "Jasny, Stanislav"]
[Result "1-0"]
[WhiteElo "2568"]
[BlackElo "2379"]
[Annotator "TA"]
[PlyCount "121"]
[EventDate "2018.??.??"]
[EventCountry "CZE"]
[SourceTitle "playchess.com"]
[Source "ChessBase"]
[SourceQuality "1"]

{[%evp 26,121,39,42,55,62,77,51,94,93,106,104,142,109,110,107,114,112,100,60,111,62,62,62,56,67,77,72,73,85,75,97,175,168,176,175,166,171,173,140,152,151,156,120,124,122,119,127,128,120,114,25,33,26,395,379,456,189,237,231,177,144,151,144,150,120,210,170,192,155,161,148,184,52,395,337,750,698,750,754,735,737,721,724,691,701,679,665,873,813,2253,1562,2203,1733,2288,2226,29983,29984]} 1. c4 Nf6 2. Nc3 g6 3. d4 Bg7 4. e4 d6 5. Nf3 O-O 6. Be2 e5 7. Be3 exd4 8. Nxd4 Re8 9. f3 c6 10. Bf2 d5 11. exd5 cxd5 12. O-O Nc6 13. c5 Nh5 14. Qd2 {LiveBook: 172 Games. E92: King's Indian: Classical: 6 Be2 e5: 7 dxe5, 7 Be3 and Petrosian System without 7...Nbd7} Qa5 {White must now prevent ...Nxd4.} (14... Be5 15. g3 Ng7 16. Rfd1 Bf5 17. Ndb5 d4 18. Nxd4 Bxd4 19. Bxd4 Bc2 20. Qxc2 Nxd4 21. Qa4 Nxe2+ 22. Nxe2 Qg5 23. Nd4 Qxc5 24. Rac1 {½-½ (34) Kovalyov,A (2636)-Van Kampen,R (2636) Montreal 2014}) 15. Rfd1 $146 ({Predecessor:} 15. Rad1 Qxc5 16. Nxc6 Qxc6 17. Bb5 Bxc3 18. Bxc6 Bxd2 19. Bxe8 {1-0 (19) Enkhbat,T (2415)-Downs,R Dos Hermanas 2004}) 15... Be6 16. a3 {White is better.} Rad8 17. b4 Qc7 {Threatening ...Be5.} 18. Ncb5 Qf4 19. Qxf4 Nxf4 20. Bf1 Rd7 21. Ra2 Ra8 22. Nc3 Rdd8 (22... Re7 $14) 23. Rc2 a5 24. b5 Nxd4 25. Bxd4 Bf5 26. Rcc1 Rac8 27. Bxg7 Kxg7 28. g3 Nh3+ (28... d4 $16 {was worth a try.}) 29. Bxh3 $1 $18 Bxh3 30. Rxd5 Rxd5 31. Nxd5 {[%mdl 4096] Endgame KRB-KRN} Rd8 32. Nf4 Bc8 33. Kf2 Rd2+ 34. Ne2 Rb2 35. b6 $1 Bd7 36. Ke3 Kf6 37. Nd4 Ke5 38. Rc3 ({White should play} 38. Rd1 $1 $16) 38... Kd5 $11 39. Nb3 {Strongly threatening Rd3+.} a4 $2 {[%mdl 8192]} (39... Bb5 $1 $11) 40. Rd3+ $18 Ke6 41. Nd4+ (41. Na5 $142) 41... Ke7 42. Rd2 Rb1 43. Rc2 Kd8 44. h4 h5 45. Rc3 Ke7 (45... Kc8 $16 46. Ke4 Rg1) 46. Nc2 Kd8 {[#]} 47. Nb4 $1 Kc8 48. Kd4 Be6 {[#]} 49. Ke5 (49. f4 $1 $18) 49... Ra1 $2 {[%mdl 8192]} (49... Rb3 $1 $14 50. Kd4 Rb1) 50. Kd6 Rd1+ $2 (50... Bf5 51. Ke7 Rg1) 51. Rd3 Re1 52. Nc2 {Threatening mate with Ke7.} Re2 53. Nd4 Re1 54. Nxe6 Rxe6+ {KR-KR} 55. Kd5 Re1 56. Rd4 Re3 57. Rxa4 Rxf3 58. Ra8+ Kd7 59. Rb8 Rd3+ 60. Kc4 Rxa3 61. Rxb7+ {Precision: White = 60%, Black = 42%.} 1-0

[Event "CZE-ch Open 2018"]
[Site "Ostrava"]
[Date "2018.05.06"]
[Round "9"]
[White "Kislinsky, Alexey"]
[Black "Svoboda, Svatopluk"]
[Result "1/2-1/2"]
[WhiteElo "2509"]
[BlackElo "2401"]
[Annotator "TA"]
[PlyCount "28"]
[EventDate "2018.??.??"]
[EventCountry "CZE"]
[SourceTitle "playchess.com"]
[Source "ChessBase"]
[SourceQuality "1"]

{[%evp 17,28,0,0,0,0,0,0,0,0,0,0,0,0]} 1. e4 c5 2. c3 d5 3. exd5 Qxd5 4. d4 Nc6 5. Nf3 Bf5 6. Be3 Nf6 {B22: Sicilian: 2 c3} 7. Qb3 cxd4 8. Nxd4 Nxd4 9. Bxd4 e5 {LiveBook: 4 Games. The position is equal.} 10. Bb5+ Bd7 $1 11. Bxd7+ Kxd7 ({Reject} 11... Qxd7 12. Bxe5 Qe7 13. f4 $16) 12. Be3 Qxb3 $146 ({Predecessor:} 12... Qxg2 13. Rf1 Qd5 14. c4 {0-1 (36) Rausis,I (2578)-Navara,D (2706) Ostrava 2014}) 13. axb3 a6 14. Nd2 Nd5 1/2-1/2

[Event "CZE-ch Open 2018"]
[Site "Ostrava"]
[Date "2018.05.06"]
[Round "9"]
[White "Simacek, Pavel"]
[Black "Bures, Jaroslav"]
[Result "1/2-1/2"]
[WhiteElo "2498"]
[BlackElo "2407"]
[Annotator "TA"]
[PlyCount "114"]
[EventDate "2018.??.??"]
[EventCountry "CZE"]
[SourceTitle "playchess.com"]
[Source "ChessBase"]
[SourceQuality "1"]

{[%evp 22,114,38,32,50,-10,-1,-21,29,35,28,32,31,20,62,9,16,0,0,0,47,-22,-27,-29,-50,-58,0,0,0,0,0,0,0,0,0,0,0,-71,0,0,0,-26,0,0,0,-30,29,29,40,-64,-47,-148,-118,-118,-115,-110,-112,-102,-106,-107,-105,-119,-111,-110,-90,-102,-99,-99,-61,-89,-52,-52,-35,-73,-35,-40,-22,-20,-19,-35,0,0,0,0,0,0,0,0,0,0,0,0,0,0,0]} 1. e4 c5 2. Nf3 d6 3. d4 Nf6 4. Nc3 cxd4 5. Nxd4 a6 6. g3 e5 7. Nde2 Be7 8. Bg2 Be6 9. O-O Nbd7 {B91: Sicilian Najdorf: 6 g3} 10. a4 Rc8 (10... O-O 11. h3 Qc7 12. Be3 Rfc8 13. g4 h6 14. Qd2 Bc4 15. Rfc1 b5 16. axb5 axb5 17. Rxa8 Rxa8 18. b3 b4 19. Na4 {½-½ (74) Huschenbeth,N (2601)-Navara,D (2732) Czech Republic 2018}) 11. h3 h5 12. Be3 {LiveBook: 15 Games} Qc7 13. f4 ({White should try} 13. b3 $14) 13... Bc4 $11 14. Rf2 $146 ({Predecessor:} 14. f5 Nc5 {1-0 (55) Helder,M (2143)-Perez Garcia,H (2137) Haarlem 2013}) 14... b5 15. axb5 axb5 16. Nc1 O-O 17. Ra7 Qd8 18. b3 ({White should play} 18. Nd3 $14) 18... Bf1 19. Nd5 (19. Kxf1 {with more complications.} Rxc3 20. Nd3 Rc7 21. Ra6 Qc8 22. Ra2) 19... Bxg2 20. Rxg2 Nxe4 (20... Nxd5 {is interesting.} 21. Qxd5 Ra8 22. Qxb5 Rxa7 23. Bxa7 Qc8) 21. fxe5 (21. Na2 $1 $14) 21... Nc3 22. Nxc3 Rxc3 23. Bd4 dxe5 (23... Rc8 $15 24. exd6 (24. Qxh5 dxe5 25. Qf5 Rc7 $15) 24... Bxd6) 24. Bxc3 Bc5+ 25. Kh2 $1 Bxa7 26. Rd2 Qf6 {...h4 is the strong threat.} 27. Rxd7 {Strongly threatening Qe2.} Qf2+ 28. Kh1 Qf5 {[%cal Rf5h3]} 29. Kh2 (29. g4 $11 {keeps the balance.} Qe4+ 30. Kh2 Qf4+ 31. Kg2 hxg4 32. hxg4 (32. Rxa7 gxh3+ 33. Kxh3 Qe3+ 34. Kg2 Qxa7 $15) 32... Qf2+ 33. Kh1 Qh4+ 34. Kg2 Qf2+ 35. Kh1 Qh4+ 36. Kg2 Qf2+) 29... Qf2+ ({Better is} 29... Bd4 $1 $17 30. Rxd4 Qf2+ 31. Kh1 exd4 32. Bxd4 Rd8) 30. Kh1 Qf5 {[%cal Rf5h3]} 31. Rd2 Qxh3+ $40 {[%mdl 128] Black mounts an attack.} 32. Rh2 Qxg3 33. Nd3 ({Much weaker is} 33. Bb4 Rc8 $17) 33... e4 {[#]} (33... Rd8 $142) 34. Bxg7 $1 {[%mdl 512]} exd3 ({Not} 34... Kxg7 $2 35. Rg2 $18) (34... Qxg7 35. Rg2) 35. Bf6 (35. Bxf8 $14 Kxf8 36. cxd3 (36. Rxh5 $2 d2 $19)) 35... dxc2 $15 {[%cal Rc2d1]} 36. Qf1 (36. Rxc2 $15 Bf2 37. Qf1 Qf3+ 38. Qg2+ Qxg2+ 39. Kxg2) 36... Qg6 37. Rg2 Be3 38. Bb2 Bg5 39. Qxb5 f6 40. Qc4+ Kh7 {aiming for ...Re8.} 41. Qxc2 Qxc2 42. Rxc2 $17 {[%mdl 4096] Endgame KRB-KRB} Rb8 43. Rc3 Kg6 44. Rf3 h4 45. Kg2 Rb5 46. Kh3 Kf7 47. Bd4 Ke6 48. Bf2 Rb4 49. Bc5 Re4 50. b4 Kd5 51. Rf5+ {The position is equal.} Re5 52. Kg4 Rxf5 53. Kxf5 h3 {( -> ...h2)} 54. Bg1 {[#]} Be3 $1 {[%mdl 512]} 55. Bh2 (55. Bxe3 h2) 55... Bd4 56. Kg4 $1 Be5 57. Kxh3 Bxh2 {Precision: White = 50%, Black = 49%.} 1/2-1/2

[Event "CZE-ch Open 2018"]
[Site "Ostrava"]
[Date "2018.05.06"]
[Round "9"]
[White "Cernousek, Lukas"]
[Black "Plat, Vojtech"]
[Result "0-1"]
[WhiteElo "2464"]
[BlackElo "2566"]
[Annotator "TA"]
[PlyCount "70"]
[EventDate "2018.??.??"]
[EventCountry "CZE"]
[SourceTitle "playchess.com"]
[Source "ChessBase"]
[SourceQuality "1"]

{[%evp 20,70,47,54,73,72,118,91,119,54,64,60,64,60,62,70,68,37,19,18,25,21,22,22,31,20,3,-120,-131,-192,-198,-195,-192,-192,-192,-195,-192,-193,-197,-196,-198,-192,-191,-192,-185,-185,-185,-175,-181,-256,-247,-325,-318]} 1. e4 e5 2. Nf3 d6 3. d4 exd4 4. Nxd4 Nf6 5. Nc3 Be7 6. Bf4 O-O 7. Qd2 c6 8. O-O-O b5 {C41: Philidor Defence} 9. f3 b4 10. Na4 Bd7 11. b3 {LiveBook: 6 Games} (11. Qxb4 $2 c5 $19) 11... c5 12. Nb5 Qa5 13. Nxd6 Bxa4 14. Nf5 ({White should try} 14. bxa4 $16 Nc6 15. Kb1) 14... Nc6 $14 15. bxa4 {Threatens to win with Bb5.} Rfd8 16. Qe3 Rxd1+ 17. Kxd1 Nh5 $146 {Hoping for ...Rd8+.} 18. Bd6 Bxd6 19. Nxd6 {White wants to play e5.} Rd8 20. e5 $1 {[%cal Be4e5,Be5f6][%mdl 32]} Qc7 $1 {Strongly threatening ...Nxe5!} 21. Bd3 Nf6 $1 22. exf6 {Threatening mate with Qg5.} (22. Qxc5 Nd7 $17) 22... Qxd6 23. Qg5 (23. Re1 $11 {remains equal.} gxf6 24. Qh6) 23... g6 $17 (23... Qxf6 $6 24. Qxf6 gxf6 25. Kc1 $11) 24. Kc1 {[#]} (24. Ke2 $17 {was necessary.}) 24... b3 $1 $19 {[%cal Rb3a2][%mdl 512]} 25. axb3 {[#] Black must now prevent Kb1.} c4 $1 {[%cal Rc4d3]} 26. bxc4 {[#]} (26. Bxc4 {leads to mate.} Qa3+ 27. Kb1 Nb4 28. Bd3 Qa2+ 29. Kc1 Rxd3 30. Qxg6+ hxg6 31. cxd3 Qc2#) 26... Ne5 $1 {[%cal Bc6e5,Be5d3,Bd3b2][%mdl 32]} 27. Rd1 Qa3+ 28. Kd2 Nxd3 29. Ke2 {[%cal Rd1d3]} Re8+ ({Don't play} 29... Qxa4 30. Rxd3 Qxc2+ 31. Qd2 $17) 30. Kf1 {And now Qh6 would win.} Nb2 $40 {[%mdl 128] Black is out for blood.} 31. Qh6 {[%csl Gf6][%cal Rh6g7]} Qf8 32. Qxf8+ Kxf8 33. Rd7 Ra8 ({Much less strong is} 33... Nxa4 34. Rxa7 Nb6 35. c5 $17) 34. c5 (34. a5 $142) 34... Nxa4 35. c6 Nc5 {Precision: White = 57%, Black = 96%.} 0-1